| 000 | 00558nam a2200181Ia 4500 | ||
|---|---|---|---|
| 008 | 240925s9999 xx 000 0 und d | ||
| 020 | _a9789694074764 | ||
| 082 | _a290 SID | ||
| 100 | _aSiddiqui, Wajihuddin | ||
| 245 | 0 | _aCommonalities and similarities in world religions: an objective comparative study for promoting inter-faith harmony | |
| 250 | _aNA | ||
| 260 |
_aKarachi: _bRoyal Book Company _c,2018. |
||
| 300 |
_a852p. _b0 _fOriginal |
||
| 500 | _aIncludes Index | ||
| 600 | _aHumanities & Natural Science | ||
| 650 | _aReligion | ||
| 942 | _cBK | ||
| 999 |
_c17495 _d17495 |
||